Smart Ports / (Record no. 26623)

000 -LEADER
fixed length control field 00475 a2200169 4500
008 - FIXED-LENGTH DATA ELEMENTS--GENERAL INFORMATION
fixed length control field 230622b ||||| |||| 00| 0 eng d
020 ## - INTERNATIONAL STANDARD BOOK NUMBER
International Standard Book Number 9789811698880
Terms of availability Euro79.99
041 0# - LANGUAGE CODE
Language code of text/sound track or separate title eng
082 00 - DEWEY DECIMAL CLASSIFICATION NUMBER
Classification number 387.1
Item number M6181
100 ## - MAIN ENTRY--PERSONAL NAME
Personal name Mi, Weijian
245 ## - TITLE STATEMENT
Title Smart Ports /
260 ## - PUBLICATION, DISTRIBUTION, ETC. (IMPRINT)
Place of publication, distribution, etc Shanghai:
Name of publisher, distributor, etc Springer nature,
Date of publication, distribution, etc 2022.
300 ## - PHYSICAL DESCRIPTION
Extent xi, 201 p. :
Other physical details ill. ;
Dimensions 25 cm
650 #0 - SUBJECT ADDED ENTRY--TOPICAL TERM
Topical term or geographic name as entry element Harbors
General subdivision Data processing
700 ## - ADDED ENTRY--PERSONAL NAME
9 (RLIN) 5527
Personal name Liu, Yuan
942 ## - ADDED ENTRY ELEMENTS (KOHA)
Source of classification or shelving scheme
Item type Books
Holdings
Withdrawn status Lost status Source of classification or shelving scheme Damaged status Not for loan Permanent location Current location Shelving location Date acquired Source of acquisition Cost, normal purchase price Total Checkouts Full call number Barcode Date last seen Date last borrowed Cost, replacement price Koha item type Total Renewals
          IMU Kolkata IMU Kolkata Reference 2023-06-22 4 4540.91 1 387.1 M6181 14058 2025-03-25 2025-03-25 7101.84 Books  
          IMU Kolkata IMU Kolkata   2023-06-22 4 4540.91 3 387.1 M6181 14059 2024-09-02 2024-08-05 7101.84 Books 3
          IMU Kolkata IMU Kolkata   2023-06-22 4 4540.91 1 387.1 M6181 14060 2023-11-08 2023-10-20 7101.84 Books  
Designed and Maintained by IMU-KC Library, Kolkata Campus © Copyright All Rights Reserved

webs counters

Powered by Koha